000 00778nam a2200265Ia 4500
003 OSt
005 20220925223045.0
006 a|||||r|||| 00| 0
007 ta
008 220923b |||||||| |||| 00| 0 eng d
020 _a041518780X
037 _cGeneral Book
040 _aRTL
_cRTL
_beng
041 _2eng
_aeng
082 _aY9(W), N8
100 _aPels Dick
_9288859
245 0 _aProperty and power in social theory
_b A study in intellectual rivalry
260 _aLondon
_bRoutledge
_c1998
300 _aix,316[
_ccm.
490 _aRoutledge Studies in Social and Political Thought; 14
500 _aBibliography: P 287-310
650 _aPolitical Sociology
942 _hY9(W), N8
_cGB
_2CC
999 _c578518
_d578518